| 000 | 00453nam a2200157Ia 4500 | ||
|---|---|---|---|
| 005 | 20260417150921.0 | ||
| 008 | 260417s9999||||xx |||||||||||||| ||und|| | ||
| 020 | _a9781009408721 | ||
| 041 | _aeng | ||
| 100 | _aEllem/Harpur/Hardy/Stein/Schormans | ||
| 245 | 0 | _aYoung people with cognitive disability in transition to adulthood | |
| 260 |
_bCambridge, Cambridge, _c2025 |
||
| 650 | _aPsychology | ||
| 856 | _u10.1017/9781009408721 | ||
| 942 | _cE-BOOK | ||
| 999 |
_c50688 _d50688 |
||